• 首页
  • 本馆介绍
  • 公告通知
  • 最新文献
  • 馆藏检索
  • 电子资源
  • 读者导购
  • 参考咨询
  • 我的图书馆
  • 登录
  • 详细信息显示
  • 放入我的书架
  • 预约/预借图书
  • 作者相关作品
  • 分类相关作品
  • 丛书相关作品
  • 出版社相关作品

书目信息

  • 表格格式
  • 工作单格式
  • 卡片格式
书名: Biomedical Ethics
作者: Thomas A.Mappes and David DeGrazia.
分册号:
分册名:
出版地: NEW YORK :
 
出版社: McGRAW-HILL,INC
出版时间: 1996.
页数: 645 p. ;
开本: 25cm.
丛书名:
中图分类号:
科图分类号:
其他分类号: R-052
主题词:
电子资源:
000 00475nam 2200169 a 4500
001 E0740781551
005 20070414112440.03
008 070414s1996 00010 eng
020    @a0-07-040141-1.
040    @aPFT@beng
090    @aR-052
099    @dR-052@ex16=4
245    @aBiomedical Ethics / @cThomas A.Mappes and David DeGrazia.
250    @a4th ed.
260    @aNEW YORK :@bMcGRAW-HILL,INC.,@c1996.
300    @a645 p. ;@c25cm.
700    @aMappes,Thomas A. and DeGrazia,David
    
    Biomedical Ethics / / Thomas A.Mappes and David DeGrazia.-4th ed.-NEW YORK : : McGRAW-HILL,INC., , 1996.
    645 p. ; ; 25cm.
    
    
    ISBN 0-07-040141-1.
    
●
相关链接 在E读中查询图书 在五车中查询图书 在当当中查询图书 在豆瓣中查询图书


正题名:Biomedical Ethics     索取号:R-052/x16=4         预约/预借

序号 登录号 条形码 馆藏地/架位号 状态 备注
1 4059   300040596   第二样本阅览室/ [索取号:R-052/x16=4] 在馆    
2 4060   300040603   第四借阅区/ [索取号:R-052/x16=4] 在馆    
3 4061   300040612   第四借阅区/ [索取号:R-052/x16=4] 在馆    
4 4062   300040621   第四借阅区/ [索取号:R-052/x16=4] 在馆    
唐山师范学院图书馆 欢迎您!
大连网信软件有限公司© 版权所有